000 00461nam a2200205Ia 4500
008 210210b1905 xxu||||| |||| 00| 0 eng d
041 _aeng
082 _a822/1029
100 _aRUNYON (D)
245 _aStones of venice Vol III
260 _aLondon
_bGeorge Allen and Unwin Limited
_c1905
440 _aIII
650 _aVol
650 _avenice
650 _aStones
650 _aof
650 _aIII
690 _aEnglish Prose
906 _a013212
999 _c132070
_d132070